| 000 | 00605nam a2200193 i 4500 | ||
|---|---|---|---|
| 001 | 104260 | ||
| 003 | ES-MaACL | ||
| 005 | 20231227145138.0 | ||
| 007 | t| | ||
| 008 | 051125s1978 sp ||||1| spa d | ||
| 080 | _a929 Vázquez de Mella, Juan:32 | ||
| 100 | 0 |
_aMiguel López, Raimundo de. _981026 |
|
| 245 | 1 | 0 |
_aEspaña y Vázquez de Mella / _cRaimundo de Miguel. |
| 260 |
_aSevilla : _bEditorial Católica, _c1978. |
||
| 300 |
_a7 h. ; _c21 cm. |
||
| 600 | 1 | 4 |
_aVázquez de Mella y Fanjul, Juan, _d1861-1928 _9113419 |
| 852 |
_aES-MaACL _j2108-F-17 _bR.99239 |
||
| 999 |
_c104260 _d104260 |
||